000 00949nam a2200241 a 4500
005 20240412121703.0
008 100302t1965||||sp al. f | 001 0 spa d
041 _aspa
092 _c611
_l80
_sSPA
100 1 _aSpalteholz, Werner
_93083
245 _aAtlas de Anatomía Humana.
_bT.1 Huesos, Articulaciones y Ligamentos /
_cWerner Spalteholz
250 _a2a ed. 2a reimp. versión en español de la 14a ed. alemana
_bTraducción E. Pons Tortella ; Revisada y ampliada Santiago Vilahur Pedrals
260 _aBarcelona:
_bLabor;
_c1965.
300 _a1-316 p.
_bil. 1100 figuras en negro y en color
500 _aSpalteholz, W. (1965). Atlas de anatomía humana. T.1 Huesos, Articulaciones y Ligamentos. (2a ed.). Barcelona : Labor.
653 _aEsqueleto
653 _aEstructura de los huesos
653 _aHuesos
653 _aArticulación temporomaxilar
653 _aLigamentos
653 _aRoentgenografías
942 _2ddc
_cBK
_010
999 _c2271
_d2271